|
|
|
|
| LEADER |
01047nam a2200349 a 4500 |
| 001 |
000595174 |
| 003 |
CZ BrMZK |
| 005 |
20230802135359.0 |
| 007 |
ta |
| 008 |
020415t20022002xr g 000 f cze d |
| 015 |
|
|
|a cnb001120642
|
| 020 |
|
|
|a 80-241-1208-6
|
| 035 |
|
|
|a (OCoLC)51186966
|
| 040 |
|
|
|a BOA001
|b cze
|
| 041 |
1 |
|
|a cze
|h eng
|
| 072 |
|
7 |
|a 821-31/-34
|x Milostná, dobrodružná, fantastická próza
|2 Konspekt
|9 25
|
| 080 |
|
|
|a 821-312.5
|2 MRF
|
| 080 |
|
|
|a (0:82-312.5)
|2 MRF
|
| 100 |
1 |
|
|a Summers, Ashley
|7 jn20010309317
|4 aut
|
| 245 |
1 |
0 |
|a V zajetí krásy /
|c Ashley Summersová ; [překlad Michaea Malá]
|
| 260 |
|
|
|a Praha :
|b Harlequin,
|c c2002
|
| 300 |
|
|
|a 160 s. ;
|c 17 cm
|
| 490 |
1 |
|
|a Rozum a cit
|
| 490 |
1 |
|
|a Desire ;
|v 486 (M 4/02)
|
| 500 |
|
|
|a Přeloženo z angličtiny
|
| 655 |
|
7 |
|a milostné romány
|7 fd132840
|2 czenas
|
| 700 |
1 |
|
|a Malá, Michaela
|7 xx0082509
|4 trl
|
| 765 |
0 |
|
|t Beauty in his bedroom
|9 Česky
|
| 830 |
|
0 |
|a Rozum a cit
|
| 830 |
|
0 |
|a Desire (Harlequin)
|0 s
|
| 910 |
|
|
|a BOA001
|b 1-1104.363
|
| 990 |
|
|
|a BK
|